[Event "41st World U20 ch"]
[Site "Panaji IND"]
[Date "2002.12.15"]
[Round "8.18"]
[White "Jirka, Jiri"]
[Black "Poobesh Anand, Selvaraj"]
[Result "0-1"]
[WhiteElo "2378"]
[BlackElo "2351"]
[EventDate "2002.12.09"]
[PlyCount "108"]

1.d4 Nf6 2.c4 e6 3.g3 Bb4+ 4.Bd2 Bxd2+ 5.Qxd2 d6 6.Bg2 O-O 7.Nc3 c5 8.Nf3 
Qe7 9.O-O b6 10.dxc5 dxc5 11.e4 Bb7 12.Qf4 Nc6 13.e5 Ne8 14.Rad1 f5 15.Nb5
h6 16.h4 Rd8 17.Rxd8 Nxd8 18.Nd6 Bxf3 19.Bxf3 Nxd6 20.exd6 Qf6 21.b3 Nf7 
22.d7 Ne5 23.Rd1 g5 24.hxg5 hxg5 25.Qe3 Rd8 26.Bg2 Kf7 27.Qe2 Rxd7 28.Re1 
Ng6 29.Qh5 Kg7 30.Bc6 Rd6 31.Bb7 g4 32.Kg2 Rd8 33.Qh1 Rh8 34.Qf1 Qf7 35.
Ba6 Qd7 36.Kg1 Qc6 37.Qg2 Qxg2+ 38.Kxg2 Kf6 39.Rd1 Ne5 40.Bb7 Rb8 41.Ba6 
Nf3 42.Rh1 Kg6 43.Bb5 Nd4 44.Ba6 e5 45.Re1 e4 46.Rh1 Re8 47.Bb5 Nxb5 48.
cxb5 Rd8 49.a4 Rd2 50.Re1 Kf6 51.Kf1 Ke5 52.a5 Rb2 53.Rd1 Rxb3 54.a6 Rd3 
0-1

[Event "41st World U20 ch"]
[Site "Panaji IND"]
[Date "2002.12.15"]
[Round "8.19"]
[White "Sharma, R. Preetham"]
[Black "Carlsson, Pontus"]
[Result "1/2-1/2"]
[WhiteElo "2311"]
[BlackElo "2376"]
[EventDate "2002.12.09"]
[PlyCount "133"]

1.Nf3 c5 2.c4 Nf6 3.g3 b6 4.Bg2 Bb7 5.O-O g6 6.Nc3 Bg7 7.d4 cxd4 8.Qxd4 d6
9.Rd1 Nbd7 10.Rb1 O-O 11.Qh4 Rc8 12.b3 Rc5 13.Bb2 Rh5 14.Qf4 Qa8 15.Ne1 
Nc5 16.Bxb7 Qxb7 17.Qf3 Qd7 18.Nd5 Rf5 19.Nxf6+ Bxf6 20.Qg2 Qe6 21.Bxf6 
Rxf6 22.Rb2 g5 23.Rd5 Rf5 24.Rxf5 Qxf5 25.Qd5 Qxd5 26.cxd5 Ne4 27.f3 Nf6 
28.e4 e6 29.dxe6 fxe6 30.h3 h5 31.Re2 g4 32.e5 dxe5 33.Rxe5 Kf7 34.Nd3 Rd8
35.Nf4 gxf3 36.Kf2 Rd2+ 37.Kxf3 Rxa2 38.Nxh5 Rb2 39.Nf4 Rxb3+ 40.Kf2 Rb2+ 
41.Kf3 Rb3+ 42.Kf2 a5 43.Nxe6 a4 44.Nd4 Rb2+ 45.Kf3 a3 46.Re3 a2 47.Ra3 b5
48.Ra7+ Kg6 49.Nxb5 Rb3+ 50.Kg2 Rb2+ 51.Kf3 Rxb5 52.Rxa2 Rb3+ 53.Kg2 Ne4 
54.Ra6+ Kf5 55.Ra5+ Kf6 56.Ra6+ Ke5 57.Rg6 Kf5 58.Rg8 Rb2+ 59.Kf3 Ng5+ 60.
Ke3 Rb3+ 61.Kd4 Rxg3 62.Rf8+ Kg6 63.Ra8 Kf6 64.Rf8+ Ke7 65.Ra8 Rxh3 66.Ke5
Nf7+ 67.Kd5 1/2-1/2

[Event "41st World U20 ch"]
[Site "Panaji IND"]
[Date "2002.12.15"]
[Round "8.20"]
[White "Roy Chowdhury, Saptarshi"]
[Black "Li Qun"]
[Result "1-0"]
[WhiteElo "2376"]
[BlackElo "2320"]
[EventDate "2002.12.09"]
[PlyCount "79"]

1.e4 c5 2.Nf3 Nc6 3.Bb5 e6 4.O-O Nge7 5.c3 a6 6.Ba4 d5 7.exd5 Qxd5 8.d4 b5
9.Bb3 c4 10.Bc2 Bb7 11.Re1 Rd8 12.Nbd2 Qd7 13.Nf1 Nd5 14.Bg5 Be7 15.Ng3 h6
16.Bxe7 Qxe7 17.Ne4 O-O 18.Nc5 Nf6 19.Qe2 Na5 20.Ne5 Qc7 21.f4 Nc6 22.Rf1 
Rd5 23.Nxb7 Qxb7 24.Rf3 Qb6 25.Raf1 Rb8 26.Kh1 Qc7 27.Rg3 Rb6 28.Bb1 Ne7 
29.Rh3 Rd8 30.g4 Kf8 31.g5 Nfg8 32.Bh7 f5 33.Qh5 Qb7+ 34.Kg1 g6 35.Bxg6 
hxg5 36.Bh7 Nd5 37.Bxg8 Nxf4 38.Rxf4 gxf4 39.Ng6+ Ke8 40.Qh8 1-0

[Event "41st World U20 ch"]
[Site "Panaji IND"]
[Date "2002.12.15"]
[Round "8.21"]
[White "Dutta, Sayantan"]
[Black "Jeremic, Veljko"]
[Result "0-1"]
[WhiteElo "2275"]
[BlackElo "2487"]
[EventDate "2002.12.09"]
[PlyCount "122"]

1.e4 e6 2.d4 d5 3.Nc3 dxe4 4.Nxe4 Nd7 5.Nf3 Ngf6 6.Bd3 Nxe4 7.Bxe4 Nf6 8.
Bd3 c5 9.O-O cxd4 10.Nxd4 Bc5 11.Nf3 O-O 12.Qe2 b6 13.b3 Bb7 14.Bb2 Qe7 
15.c4 Rfd8 16.Rad1 Rd6 17.Ne5 Rad8 18.Bc2 Rxd1 19.Rxd1 Ne4 20.Rxd8+ Qxd8 
21.Nd3 Bd4 22.Bb1 Bxb2 23.Qxb2 Nc5 24.Qe2 Be4 25.Nxc5 Bxb1 26.Na4 Qd4 27.
h3 h6 28.Kh2 e5 29.a3 Qf4+ 30.g3 Qd4 31.Qe3 Bc2 32.c5 bxc5 33.Nxc5 Qd5 34.
b4 e4 35.h4 f5 36.Qf4 Kh7 37.Qc1 Bd1 38.Kg1 Bf3 39.Kh2 Qa2 40.Qe1 Qxa3 41.
Ne6 Qb2 42.Nf4 g5 43.hxg5 hxg5 44.Nh3 g4 45.Ng5+ Kg6 46.Nxf3 gxf3 47.Kg1 
Qb3 48.Kh2 Qc2 49.Kg1 Qb2 50.g4 Kg5 51.gxf5 Kxf5 52.Qe3 Qg7+ 53.Kf1 Qa1+ 
54.Qe1 Qxe1+ 55.Kxe1 Ke5 56.b5 Kd4 57.Kd2 Kc4 58.Ke3 Kxb5 59.Kxe4 a5 60.
Kd3 a4 61.Kc3 Kc5 0-1

[Event "41st World U20 ch"]
[Site "Panaji IND"]
[Date "2002.12.15"]
[Round "8.22"]
[White "Singh, Rishipal"]
[Black "Bromberger, Stefan"]
[Result "0-1"]
[WhiteElo "2252"]
[BlackElo "2414"]
[EventDate "2002.12.09"]
[PlyCount "106"]

1.c4 Nf6 2.Nc3 g6 3.g3 Bg7 4.Bg2 O-O 5.e4 c5 6.Nge2 Nc6 7.d3 d6 8.O-O Rb8 
9.Rb1 Ne8 10.a3 Nc7 11.b4 cxb4 12.axb4 b5 13.Nxb5 Nxb5 14.cxb5 Rxb5 15.Qa4
Qb6 16.Be3 Qa6 17.Qxa6 Bxa6 18.Rfc1 Rxb4 19.Rxb4 Nxb4 20.Bxa7 Nxd3 21.Rc7 
Rc8 22.Rxc8+ Bxc8 23.Nd4 Bb7 24.Nb3 g5 25.h3 Bc3 26.Be3 h6 27.Nd4 e6 28.
Nb5 Be5 29.Bd4 Bxd4 30.Nxd4 Kf8 31.f3 h5 32.Bf1 Nc5 33.g4 h4 34.Kf2 Ke7 
35.Ke3 Nd7 36.Bb5 Nf8 37.Ne2 Ng6 38.f4 gxf4+ 39.Nxf4 Nxf4 40.Kxf4 Kf6 41.
g5+ Kg7 42.Bd3 f6 43.Kg4 Kg6 44.gxf6 Kxf6 45.Kxh4 Ke5 46.Kg4 Bxe4 47.Bxe4 
Kxe4 48.h4 d5 49.h5 d4 50.h6 d3 51.Kg5 d2 52.h7 d1=Q 53.h8=Q Qg1+ 0-1

[Event "41st World U20 ch"]
[Site "Panaji IND"]
[Date "2002.12.15"]
[Round "8.23"]
[White "Collins, Sam"]
[Black "Soumya, Ranjan Mishra"]
[Result "1/2-1/2"]
[WhiteElo "2372"]
[BlackElo "2207"]
[EventDate "2002.12.09"]
[PlyCount "153"]

1.e4 c5 2.Nf3 e6 3.d4 cxd4 4.Nxd4 Nc6 5.Nb5 Nf6 6.N1c3 Bb4 7.a3 Bxc3+ 8.
Nxc3 d5 9.exd5 exd5 10.Bd3 d4 11.Ne2 O-O 12.O-O Bg4 13.f3 Bh5 14.b4 Qb6 
15.Kh1 Rfd8 16.Bb2 Nd5 17.Qd2 Ne3 18.Rfe1 Rac8 19.b5 Qa5 20.c3 Ne5 21.Nxd4
N3c4 22.Bxc4 Nxc4 23.Qe2 Bg6 24.Rac1 h6 25.h4 Re8 26.Qf2 Rxe1+ 27.Rxe1 
Nxb2 28.Qxb2 Qxc3 29.Qxc3 Rxc3 30.Re8+ Kh7 31.Re7 Rd3 32.Ne2 Rxa3 33.Rxb7 
Ra4 34.Kg1 Bd3 35.Ng3 Kg6 36.h5+ Kf6 37.Rd7 Ra3 38.Rb7 Rb3 39.Rxa7 Rxb5 
40.Rd7 Rb3 41.Kf2 Ra3 42.Rd5 Rb3 43.Nh1 Rb1 44.Ng3 Rb3 45.Kg1 g6 46.Kh2 
Ra3 47.Nh1 Bb1 48.Nf2 Ra7 49.Rb5 Bc2 50.Rc5 Bb1 51.Kg3 Kg7 52.Nh3 Rb7 53.
Nf4 Kh7 54.Ne2 Kg7 55.Nd4 Ba2 56.f4 Rb4 57.Nf3 Bb1 58.hxg6 fxg6 59.Rc7+ 
Kf6 60.Rc6+ Kg7 61.Rc7+ Kf6 62.Rh7 h5 63.Rc7 Ba2 64.Rc6+ Kg7 65.Ng5 Bd5 
66.Rc7+ Kf6 67.Rd7 Rb5 68.Rd6+ Kg7 69.Nf3 Bxf3 70.Kxf3 Rb4 71.Re6 Ra4 72.
Re3 Kf6 73.Rb3 Rc4 74.g4 hxg4+ 75.Kxg4 Rc6 76.Rb7 Ra6 77.Rc7 1/2-1/2

[Event "41st World U20 ch"]
[Site "Panaji IND"]
[Date "2002.12.15"]
[Round "8.24"]
[White "Ravichandran, Siddharth"]
[Black "Rohit, Gogineni"]
[Result "1/2-1/2"]
[WhiteElo "2223"]
[BlackElo "2319"]
[EventDate "2002.12.09"]
[PlyCount "80"]

1.d4 Nf6 2.Bg5 g6 3.Bxf6 exf6 4.g3 Bg7 5.Bg2 d5 6.e3 O-O 7.Ne2 c6 8.O-O 
Nd7 9.Nd2 Nb6 10.Rc1 Qe7 11.c4 dxc4 12.Nxc4 Nxc4 13.Rxc4 Be6 14.Rc3 Rfd8 
15.a3 Rac8 16.Qa4 a6 17.Rfc1 f5 18.Rc5 Ra8 19.Qc2 Qf6 20.Nf4 Bf8 21.Rc3 
Bd6 22.Rd1 Bxf4 23.gxf4 h6 24.Rc5 Rd7 25.b4 Rad8 26.a4 Bd5 27.b5 axb5 28.
axb5 g5 29.bxc6 bxc6 30.fxg5 hxg5 31.Rc1 g4 32.Bxd5 cxd5 33.Rc6 Qg5 34.Rc8
f4 35.exf4 Qxf4 36.Rxd8+ Rxd8 37.Qc7 Qxc7 38.Rxc7 Kg7 39.Kg2 Kf6 40.Kg3 
Rh8 1/2-1/2

[Event "41st World U20 ch"]
[Site "Panaji IND"]
[Date "2002.12.15"]
[Round "8.25"]
[White "Akshayraj, Kore"]
[Black "Poliakov, Dmitry"]
[Result "1/2-1/2"]
[WhiteElo "2167"]
[BlackElo "2290"]
[EventDate "2002.12.09"]
[PlyCount "120"]

1.e4 c5 2.Nf3 Nc6 3.d4 cxd4 4.Nxd4 Nf6 5.Nc3 e5 6.Ndb5 d6 7.Bg5 a6 8.Na3 
b5 9.Nd5 Be7 10.Bxf6 Bxf6 11.c3 Rb8 12.Nc2 O-O 13.a4 bxa4 14.Ncb4 Nxb4 15.
Nxb4 Bb7 16.Nxa6 Ra8 17.Rxa4 Bc6 18.Bc4 Bxa4 19.Qxa4 Qb6 20.Qb5 Qa7 21.O-O
Bd8 22.Nb4 Bb6 23.Bd5 Rac8 24.Nc6 Qc7 25.Qd3 Kh8 26.h4 Qd7 27.Qb5 Bd8 28.
g3 f5 29.exf5 Qxf5 30.Bg2 Qd7 31.Qd5 Bb6 32.Nxe5 Qf5 33.Nd3 Qg6 34.Kh2 
Rce8 35.Nf4 Qh6 36.Qc6 Bd8 37.Nh3 Qd2 38.b4 Bf6 39.b5 Bxc3 40.b6 Bb4 41.b7
Bc5 42.Qc7 Ba7 43.Qc6 Bb8 44.Ng5 Qe2 45.Kg1 h6 46.Nh3 d5 47.Qxd5 Rd8 48.
Qc5 Bd6 49.Qc3 Be5 50.Qe1 Qb2 51.Qb1 Qd4 52.Kh2 Bb8 53.Qe4 Qxe4 54.Bxe4 
Rd4 55.Bg6 Rb4 56.Rb1 Rxb1 57.Bxb1 Re8 58.Bf5 Re2 59.Kg2 Rb2 60.Be4 Kg8 
1/2-1/2

[Event "41st World U20 ch"]
[Site "Panaji IND"]
[Date "2002.12.15"]
[Round "8.26"]
[White "Arjun Tiwari, Deepak"]
[Black "Darban, Varighan"]
[Result "0-1"]
[WhiteElo "2154"]
[BlackElo "2310"]
[EventDate "2002.12.09"]
[PlyCount "61"]

1.e4 d6 2.Nc3 g6 3.f4 Bg7 4.Nf3 c5 5.Bb5+ Bd7 6.Bxd7+ Qxd7 7.O-O Nc6 8.d3 
e6 9.Ne2 Nge7 10.c3 O-O 11.d4 cxd4 12.cxd4 d5 13.e5 Rfc8 14.Bd2 Qd8 15.b4 
Qb6 16.Rb1 Nf5 17.Kh1 h5 18.Ng3 Ncxd4 19.Nxf5 Nxf5 20.Rb3 Rc4 21.Ng5 Rac8 
22.g4 hxg4 23.Qxg4 Rc2 24.Rd3 Rxa2 25.Rg1 Qb5 26.Rh3 Rxd2 27.Rh7 d4 28.
Rxg7+ Kxg7 29.Nxe6+ Kg8 30.Ng5 Qd5+ 31.Nf3 0-1

[Event "41st World U20 ch"]
[Site "Panaji IND"]
[Date "2002.12.15"]
[Round "8.27"]
[White "Nikhilesh, Kumar"]
[Black "Vioreanu, Bogdan"]
[Result "0-1"]
[WhiteElo "2182"]
[BlackElo "2379"]
[EventDate "2002.12.09"]
[PlyCount "124"]

1.e4 c5 2.d4 cxd4 3.c3 dxc3 4.Nxc3 e6 5.Nf3 a6 6.Bc4 b5 7.Bb3 Bb7 8.Qe2 d6
9.O-O Be7 10.Rd1 Nd7 11.Bf4 Qb8 12.Qd2 Ngf6 13.Bxd6 Bxd6 14.Qxd6 Qxd6 15.
Rxd6 b4 16.e5 bxc3 17.exf6 cxb2 18.Rb1 Nxf6 19.Ne5 O-O 20.Rxb2 Rfc8 21.f3 
Rc7 22.Bc4 Kf8 23.a4 a5 24.Rdb6 Ra7 25.R6b5 Ke7 26.Kf2 Ne8 27.Bd3 Nd6 28.
Rb6 Bd5 29.Bxh7 Ne8 30.Rb8 g6 31.Bg8 Nd6 32.R2b6 Rab7 33.g4 Rxb8 34.Rxb8 
Kf6 35.f4 Kg7 36.g5 Rc2+ 37.Ke3 Ra2 38.Ng4 Rxa4 39.Rd8 Re4+ 40.Kd3 Rxf4 
41.h3 Rf5 42.Rxd6 Rxg5 43.Rd8 Rh5 44.Bxf7 Rxh3+ 45.Kd4 Rh4 46.Ke5 Rxg4 47.
Bxe6 Bxe6 48.Kxe6 Re4+ 49.Kd5 Re1 50.Ra8 Kf6 51.Kd4 Kf5 52.Rxa5+ Kf4 53.
Kd3 g5 54.Kd2 Re8 55.Ra7 g4 56.Rf7+ Kg3 57.Kd1 Kg2 58.Kd2 g3 59.Kd1 Kg1 
60.Kd2 g2 61.Rh7 Re5 62.Rh8 Kf2 0-1

[Event "41st World U20 ch"]
[Site "Panaji IND"]
[Date "2002.12.15"]
[Round "8.28"]
[White "Glinert, Stephen"]
[Black "Borchgrevink, Harald"]
[Result "1-0"]
[WhiteElo "2351"]
[BlackElo "2174"]
[EventDate "2002.12.09"]
[PlyCount "53"]

1.e4 e6 2.Nc3 d5 3.d4 Bb4 4.Ne2 dxe4 5.a3 Be7 6.Nxe4 Nf6 7.Qd3 Bd7 8.Bf4 
Bc6 9.Nxf6+ Bxf6 10.O-O-O b5 11.Nc3 Bg5 12.Qf3 Bxf4+ 13.Qxf4 O-O 14.Bxb5 
Bxg2 15.Rhg1 Bd5 16.Nxd5 exd5 17.Rd3 c6 18.Qh6 g6 19.Rh3 Re8 20.Qxh7+ Kf8 
21.Rf3 Qd7 22.Rxg6 cxb5 23.Qg7+ Ke7 24.Qf6+ Kf8 25.Rh6 Re1+ 26.Kd2 Re2+ 
27.Kd3 1-0

[Event "41st World U20 ch"]
[Site "Panaji IND"]
[Date "2002.12.15"]
[Round "8.29"]
[White "Leong Chee Ming, Luke"]
[Black "Sprenger, Wendelin"]
[Result "1-0"]
[WhiteElo "2297"]
[BlackElo "2174"]
[EventDate "2002.12.09"]
[PlyCount "81"]

1.d4 d5 2.c4 c6 3.Nf3 Nf6 4.Nc3 dxc4 5.a4 Bf5 6.e3 e6 7.Bxc4 Bb4 8.O-O O-O
9.Nh4 Qc7 10.Nxf5 exf5 11.Qc2 g6 12.Rd1 Nbd7 13.Bd2 Nb6 14.Be2 Bd6 15.g3 
a5 16.Rac1 Qe7 17.Qb3 Bc7 18.Bf3 Rad8 19.Ne2 Ra8 20.Rc2 h5 21.Nc1 h4 22.
Nd3 Kg7 23.Nc5 Ra7 24.e4 Nxe4 25.Bxe4 fxe4 26.Re1 hxg3 27.fxg3 Nd5 28.Rxe4
Qf6 29.Rc1 b6 30.Rf1 Qd6 31.Nd3 Nf6 32.Rh4 Nh5 33.Ne5 Bd8 34.Re4 Nf6 35.
Re2 Qxd4+ 36.Kh1 Qd5+ 37.Qxd5 cxd5 38.Nc6 Rd7 39.Bc3 Rd6 40.Nxd8 Rfxd8 41.
Bd4 1-0

[Event "41st World U20 ch"]
[Site "Panaji IND"]
[Date "2002.12.15"]
[Round "8.30"]
[White "Eriksson, Jonas"]
[Black "Jagadish, H. D."]
[Result "0-1"]
[WhiteElo "2278"]
[BlackElo "2130"]
[EventDate "2002.12.09"]
[PlyCount "92"]

1.d4 d5 2.c4 c6 3.Nf3 Nf6 4.Nc3 dxc4 5.a4 Bf5 6.Ne5 e6 7.Nxc4 Bb4 8.Bg5 
O-O 9.f3 c5 10.dxc5 Qxd1+ 11.Kxd1 Nbd7 12.e4 Bg6 13.c6 bxc6 14.Kc2 Nd5 15.
Bd3 N5b6 16.a5 Nxc4 17.Bxc4 Ne5 18.Bb3 c5 19.Be7 Nc6 20.Bxf8 Nd4+ 21.Kb1 
Nxb3 22.Be7 Nxa1 23.Kxa1 Bxa5 24.Bxc5 Rc8 25.Na4 f6 26.b3 a6 27.Rc1 Be8 
28.Be3 Rxc1+ 29.Bxc1 Bb5 30.Nc5 Kf7 31.f4 Bb4 32.Be3 Ke7 33.Kb2 Kd6 34.
Nb7+ Kc6 35.Nd8+ Kd7 36.Nb7 Bc6 37.Nc5+ Bxc5 38.Bxc5 Bxe4 39.g3 Kc6 40.Bf8
g6 41.Bg7 Bf5 42.Kc3 Kd5 43.Bxf6 Ke4 44.b4 Kf3 45.Kd4 Kg2 46.Be5 Bg4 0-1

[Event "41st World U20 ch"]
[Site "Panaji IND"]
[Date "2002.12.15"]
[Round "8.31"]
[White "Pratik Shriwas, R."]
[Black "Geirnaert, Steven"]
[Result "1/2-1/2"]
[WhiteElo "2148"]
[BlackElo "2277"]
[EventDate "2002.12.09"]
[PlyCount "111"]

1.Nf3 Nf6 2.g3 b6 3.Bg2 Bb7 4.O-O c5 5.d3 d6 6.c4 g6 7.b3 Bg7 8.Bb2 O-O 9.
Na3 Nc6 10.Nc2 Rc8 11.Rb1 d5 12.cxd5 Nxd5 13.Bxg7 Kxg7 14.Qd2 e5 15.Ne3 
Nxe3 16.fxe3 Qe7 17.Qb2 f6 18.Nd2 Rc7 19.a3 Bc8 20.Ne4 Be6 21.Rf2 Bd5 22.
Nc3 Bxg2 23.Kxg2 Qe6 24.e4 Nd4 25.Nd5 Rcf7 26.Ne3 f5 27.exf5 gxf5 28.Nc2 
f4 29.Nxd4 cxd4 30.Rbf1 Qc6+ 31.Rf3 fxg3 32.hxg3 Rxf3 33.exf3 Rc8 34.Rf2 
Qc1 35.Qe2 Qe3 36.Qxe3 dxe3 37.Re2 Kf6 38.Rxe3 Rc2+ 39.Kf1 Rc3 40.Ke2 Rxb3
41.d4 Rxe3+ 42.Kxe3 b5 43.dxe5+ Kxe5 44.Kd3 h5 45.Kc3 a5 46.Kd3 Kd5 47.Kc3
Ke5 48.Kd3 Kf5 49.Kd4 Kg5 50.Ke5 Kg6 51.f4 Kf7 52.Kd5 Kf6 53.Kc5 b4 54.
axb4 axb4 55.Kxb4 Kf5 56.Kc5 1/2-1/2

[Event "41st World U20 ch"]
[Site "Panaji IND"]
[Date "2002.12.15"]
[Round "8.32"]
[White "Sriram, Sarja"]
[Black "Thakur, Akash"]
[Result "1-0"]
[WhiteElo "2100"]
[BlackElo "2257"]
[EventDate "2002.12.09"]
[PlyCount "52"]

1.Nf3 Nc6 2.d4 d5 3.c4 Bg4 4.Nc3 Bxf3 5.exf3 Nf6 6.Bg5 dxc4 7.d5 Ne5 8.Qd4
Nd3+ 9.Bxd3 cxd3 10.O-O-O h6 11.Bh4 g5 12.Rhe1 Bg7 13.Bg3 Nh5 14.Be5 f6 
15.Bxc7 Qxc7 16.d6 Qc6 17.Rxe7+ Kf8 18.Rc7 f5 19.Qxd3 Qe8 20.Qxf5+ Kg8 21.
d7 Qf8 22.Rc8 Bxc3 23.bxc3 Kg7 24.Rxf8 Rhxf8 25.Qe5+ Nf6 26.Qe7+ Kg6 1-0

[Event "41st World U20 ch"]
[Site "Panaji IND"]
[Date "2002.12.15"]
[Round "8.33"]
[White "Gopal, Geetha Narayanan"]
[Black "Macak, Stefan"]
[Result "1-0"]
[WhiteElo "2174"]
[BlackElo "2246"]
[EventDate "2002.12.09"]
[PlyCount "99"]

1.e4 e6 2.d3 c5 3.Nf3 Nc6 4.g3 g6 5.Bg2 Bg7 6.O-O Nge7 7.c3 O-O 8.d4 cxd4 
9.cxd4 d5 10.e5 b6 11.Nc3 Ba6 12.Re1 Qd7 13.a3 Rac8 14.Bf4 Na5 15.Rc1 Rc7 
16.b3 Rfc8 17.Bd2 h5 18.h3 Nf5 19.g4 hxg4 20.hxg4 Nh6 21.Nh4 Qe7 22.Re3 
Kf8 23.Rb1 Nc6 24.b4 b5 25.Ne2 Bb7 26.a4 a6 27.Rh3 Ng8 28.a5 Nd8 29.Nc1 f6
30.Nd3 fxe5 31.dxe5 d4 32.Nf3 Nf7 33.Nf4 Ke8 34.Nxg6 Qd8 35.Rh7 Nfh6 36.
Bg5 Qd5 37.Qxd4 Rc4 38.Qxd5 Bxd5 39.Rxg7 Rxg4 40.Ngh4 Kf8 41.Bxh6 Nxh6 42.
Rxg4 Nxg4 43.Ng5 Ba2 44.Rd1 Nxe5 45.f4 Ng4 46.Bf3 Rc3 47.Bxg4 Rg3+ 48.Kh2 
Rxg4 49.Kh3 Rxf4 50.Ng6+ 1-0

[Event "41st World U20 ch"]
[Site "Panaji IND"]
[Date "2002.12.15"]
[Round "8.34"]
[White "Kjartansson, David"]
[Black "Naveen, R."]
[Result "1-0"]
[WhiteElo "2224"]
[BlackElo "2099"]
[EventDate "2002.12.09"]
[PlyCount "105"]

1.e4 e5 2.Nc3 Nf6 3.a3 Bc5 4.Bc4 O-O 5.d3 h6 6.Nf3 d6 7.Be3 Bxe3 8.fxe3 c6
9.Ba2 Qb6 10.Qd2 Qxb2 11.O-O Qb6 12.Rab1 Qc7 13.Nh4 Be6 14.Nf5 Nbd7 15.Qe1
Bxf5 16.Rxf5 g6 17.Rf3 Kg7 18.Qh4 b6 19.Rbf1 Qd8 20.g4 d5 21.Qf2 Qe7 22.h3
Qe6 23.exd5 cxd5 24.e4 Rad8 25.Nxd5 Nxd5 26.Bxd5 Qd6 27.Rxf7+ Rxf7 28.
Qxf7+ Kh8 29.Qe6 Qxe6 30.Bxe6 Nc5 31.Ba2 Rd7 32.Kf2 Kg7 33.Ke3 Re7 34.h4 
g5 35.hxg5 hxg5 36.Rf5 Kg6 37.d4 exd4+ 38.Kxd4 Nd7 39.e5 Nc5 40.Rf6+ Kg7 
41.Rd6 Nd7 42.Be6 Nf8 43.Bf5 Rc7 44.c4 Re7 45.a4 Rc7 46.Rd8 Ng6 47.Bxg6 
Kxg6 48.Rg8+ Kh6 49.e6 Re7 50.Ke5 Rc7 51.Kf6 Kh7 52.Rxg5 Rxc4 53.e7 1-0

[Event "41st World U20 ch"]
[Site "Panaji IND"]
[Date "2002.12.15"]
[Round "8.35"]
[White "Das, Arghyadip"]
[Black "Sangma, Rahul"]
[Result "1-0"]
[WhiteElo "2324"]
[BlackElo "2214"]
[EventDate "2002.12.09"]
[PlyCount "143"]

1.Nf3 Nf6 2.c4 e6 3.d4 b6 4.g3 Ba6 5.Qa4 Bb7 6.Bg2 Be7 7.O-O O-O 8.Nc3 Ne4
9.Nxe4 Bxe4 10.Ne1 d5 11.Bf4 c5 12.dxc5 Bxc5 13.Rd1 Qe8 14.Qxe8 Rxe8 15.
cxd5 exd5 16.Rxd5 Nc6 17.Bxe4 Rxe4 18.Nd3 Rxe2 19.Nxc5 bxc5 20.Rc1 Nb4 21.
Rdxc5 h6 22.Rc8+ Rxc8 23.Rxc8+ Kh7 24.a3 Nd3 25.Be3 Rxb2 26.Ra8 Rb1+ 27.
Kg2 Ne1+ 28.Kh3 Nc2 29.Rxa7 Kg6 30.Bc5 Rb3 31.a4 Rc3 32.Bb6 Rc6 33.Rc7 
Rxb6 34.Rxc2 Ra6 35.Ra2 Ra5 36.Kg4 f5+ 37.Kf4 Kf6 38.Ke3 Ke5 39.Kd3 Kd5 
40.Kc3 Kc5 41.Kb3 Ra7 42.Re2 Rb7+ 43.Kc3 f4 44.gxf4 Rf7 45.Re5+ Kd6 46.Re4
g5 47.a5 gxf4 48.a6 h5 49.Ra4 Ra7 50.Kd4 Kc7 51.Ke5 Kb8 52.Kxf4 Rf7+ 53.
Kg5 Rxf2 54.a7+ Ka8 55.h4 Rg2+ 56.Kxh5 Rg8 57.Kh6 Rh8+ 58.Kg7 Rh5 59.Kg6 
Rc5 60.h5 Rc6+ 61.Kg5 Rc5+ 62.Kg4 Rc6 63.Ra5 Rb6 64.Kg5 Rc6 65.h6 Rc7 66.
Ra6 Rd7 67.Kg6 Rc7 68.h7 Rc8 69.Kh6 Rd8 70.Rg6 Kxa7 71.Rg8 Rd3 72.Kg5 1-0

[Event "41st World U20 ch"]
[Site "Panaji IND"]
[Date "2002.12.15"]
[Round "8.36"]
[White "Gurpreet, Singh Maras"]
[Black "Kamble, Vikramaditya"]
[Result "0-1"]
[WhiteElo "2145"]
[BlackElo "2317"]
[EventDate "2002.12.09"]
[PlyCount "192"]

1.e4 e6 2.d4 d5 3.Nc3 Nf6 4.Bg5 dxe4 5.Nxe4 Be7 6.Nxf6+ Bxf6 7.Bxf6 Qxf6 
8.Nf3 O-O 9.Bd3 c5 10.c3 cxd4 11.cxd4 Bd7 12.O-O Bc6 13.Ne5 Rd8 14.Qg4 g6 
15.Rad1 Bd5 16.Bb1 Nc6 17.Rfe1 Rac8 18.Qg3 Nxe5 19.dxe5 Qe7 20.a3 Rc5 21.
Qe3 b6 22.h3 Rd7 23.Rc1 Rdc7 24.b4 Rxc1 25.Rxc1 Rxc1+ 26.Qxc1 Qh4 27.Qe3 
h6 28.Bd3 Kg7 29.Ba6 Qd8 30.Qf4 g5 31.Qe3 Bc6 32.Be2 Bd5 33.Bf1 Qc7 34.Be2
Qc2 35.Bf3 Qc6 36.h4 Bxf3 37.gxf3 gxh4 38.Qf4 Qc2 39.Qf6+ Kg8 40.Qxh4 Qg6+
41.Kh2 Qf5 42.Qg4+ Qg6 43.Qf4 Kg7 44.Qd4 Qh5+ 45.Kg2 Qg5+ 46.Kh2 Qf5 47.
Qe4 Qh5+ 48.Kg2 Qg5+ 49.Kh2 b5 50.Qd4 Qh5+ 51.Kg2 Qg5+ 52.Kh2 Qe7 53.Qg4+ 
Kh8 54.Qf4 Kh7 55.Qe4+ Kg7 56.Qg4+ Qg5 57.Qd4 a6 58.Qe4 h5 59.Qd4 Kg6 60.
Qe4+ Kh6 61.Qd4 Qf5 62.Kg3 Qg5+ 63.Kh2 Qf5 64.Kg3 Kg6 65.Qe4 Kg5 66.Qh4+ 
Kh6 67.Qd4 Qg5+ 68.Kh2 Kh7 69.Qe4+ Kg7 70.Qd4 Qf5 71.Kg2 Qg5+ 72.Kh2 Qg6 
73.Qf4 Kh7 74.Qe4 Kh6 75.Qf4+ Kg7 76.Qd4 Qf5 77.Qe4 Qg5 78.Qd4 Kh6 79.Qe4 
Qg6 80.Qf4+ Kg7 81.Qd4 Qg5 82.Qe4 Qc1 83.Qh4 Qh6 84.Qe4 Qg5 85.Qd4 Qf5 86.
Qe4 Kg6 87.Kg3 Kg5 88.Qh4+ Kh6 89.Qe4 Qg6+ 90.Kh2 Qxe4 91.fxe4 Kg5 92.Kg3 
h4+ 93.Kf3 h3 94.Kg3 h2 95.f4+ Kh5 96.Kxh2 Kg4 0-1

[Event "41st World U20 ch"]
[Site "Panaji IND"]
[Date "2002.12.15"]
[Round "8.37"]
[White "Russell, Majwuana Kankanamge Athula"]
[Black "Kafka, Graeme"]
[Result "1-0"]
[WhiteElo "2243"]
[BlackElo "2108"]
[EventDate "2002.12.09"]
[PlyCount "65"]

1.e4 c5 2.Nf3 d6 3.d4 cxd4 4.Nxd4 Nf6 5.Nc3 g6 6.Be3 Bg7 7.f3 Nc6 8.Qd2 
O-O 9.Bc4 Bd7 10.O-O-O Rb8 11.Bb3 Ne5 12.f4 Neg4 13.h3 Nxe3 14.Qxe3 e6 15.
g4 Bc6 16.g5 Nh5 17.Ndb5 Qa5 18.Nxd6 Rbd8 19.Rhf1 Bxc3 20.Qxc3 Qxc3 21.
bxc3 Ng3 22.Rfe1 Rxd6 23.Rxd6 Bxe4 24.Rd4 Bg2 25.Kb2 Bc6 26.Bc4 b5 27.Bd3 
Bd5 28.Rb4 a6 29.a4 bxa4 30.Rxa4 Rb8+ 31.Rb4 Ra8 32.c4 a5 33.Rb6 1-0

[Event "41st World U20 ch"]
[Site "Panaji IND"]
[Date "2002.12.15"]
[Round "8.38"]
[White "Phoobalan, P."]
[Black "Cruz, Wilson"]
[Result "1-0"]
[WhiteElo "2227"]
[BlackElo "2021"]
[EventDate "2002.12.09"]
[PlyCount "116"]

1.e4 c5 2.Nf3 d6 3.d4 cxd4 4.Nxd4 Nc6 5.Nc3 a6 6.Be2 e6 7.O-O Be7 8.a4 Qc7
9.Be3 Nf6 10.Nb3 b6 11.f4 O-O 12.Kh1 Re8 13.Bf3 Rb8 14.Qe2 Bb7 15.Rad1 Nd7
16.g4 Nb4 17.g5 b5 18.axb5 axb5 19.Ba7 Rbc8 20.Nxb5 Ba6 21.Nxc7 Bxe2 22.
Nxe8 Bxd1 23.Rxd1 Rxe8 24.c3 Nc6 25.Bg1 Rb8 26.Nd4 Nxd4 27.cxd4 Rxb2 28.
Rc1 Bf8 29.Rc7 Nb8 30.h4 Na6 31.Rc8 Nb4 32.Rb8 Nd3 33.Rxb2 Nxb2 34.Kg2 Nd3
35.Kg3 f6 36.Be2 Nb4 37.Bf2 Kf7 38.gxf6 gxf6 39.f5 d5 40.Bg4 e5 41.Bh5+ 
Kg7 42.exd5 Nxd5 43.Bf3 Ne7 44.Kg4 h5+ 45.Kxh5 Nxf5 46.d5 Nd4 47.Be4 Ne2 
48.Bc2 f5 49.Bxf5 Nf4+ 50.Kg5 Nxd5 51.Be4 Nf6 52.Bg2 Kf7 53.Kf5 Bd6 54.Bf3
Kg7 55.Bg3 Bb8 56.h5 Nd7 57.Be2 Nf6 58.h6+ Kf7 1-0

[Event "41st World U20 ch"]
[Site "Panaji IND"]
[Date "2002.12.15"]
[Round "8.39"]
[White "Himanshu, Kumar"]
[Black "Vuilleumier, Alexandre"]
[Result "1/2-1/2"]
[WhiteElo "2072"]
[BlackElo "2193"]
[EventDate "2002.12.09"]
[PlyCount "145"]

1.Nf3 c5 2.c4 Nf6 3.g3 e6 4.Bg2 Be7 5.O-O O-O 6.b3 d5 7.Bb2 Nc6 8.e3 b6 9.
Nc3 Bb7 10.Qe2 Rc8 11.d3 Rc7 12.Rfd1 Rd7 13.a3 Qa8 14.cxd5 Nxd5 15.Nxd5 
Rxd5 16.Ne5 Rxe5 17.Bxc6 Bxc6 18.Bxe5 Bf3 19.Qb2 f6 20.Bc3 Bxd1 21.Rxd1 
Qf3 22.Re1 Rd8 23.d4 cxd4 24.Bxd4 e5 25.Bc3 h5 26.h4 b5 27.Bb4 Bxb4 28.
axb4 Qe4 29.Qc3 Rd3 30.Qc8+ Kh7 31.Qe8 Qg4 32.Qxb5 Rxb3 33.Qc5 Qxb4 34.
Qxb4 Rxb4 35.Ra1 Rb7 36.e4 Kg6 37.Kg2 Kf7 38.Ra6 Ke7 39.Kh3 Kd7 40.g4 
hxg4+ 41.Kxg4 Kc7 42.Kf5 Kb8 43.Kg6 Rc7 44.h5 Kb7 45.Ra2 Kb6 46.Rb2+ Ka5 
47.Rb1 a6 48.Ra1+ Kb6 49.Rb1+ Ka7 50.Ra1 Kb7 51.f3 Kb6 52.Rb1+ Ka7 53.Ra1 
Kb7 54.Ra2 Rd7 55.Ra1 Kb6 56.Rb1+ Kc5 57.Rc1+ Kb4 58.Rb1+ Kc3 59.Rc1+ Kd2 
60.Rc8 Ke3 61.Rg8 Kxf3 62.Rxg7 Rd1 63.h6 Kxe4 64.h7 Rh1 65.Kxf6 Kf4 66.Rf7
e4 67.Kg7+ Kg3 68.Ra7 e3 69.Rxa6 e2 70.Re6 Kf2 71.Rxe2+ Kxe2 72.h8=Q Rxh8 
73.Kxh8 1/2-1/2

[Event "41st World U20 ch"]
[Site "Panaji IND"]
[Date "2002.12.15"]
[Round "8.41"]
[White "Pradeep, T. S."]
[Black "Kosmo, Santul"]
[Result "1-0"]
[WhiteElo "2111"]
[BlackElo "2145"]
[EventDate "2002.12.09"]
[PlyCount "87"]

1.e4 c5 2.d4 cxd4 3.c3 Nf6 4.e5 Nd5 5.Nf3 e6 6.cxd4 b6 7.Nc3 Nxc3 8.bxc3 
Qc7 9.Bd2 Bb7 10.Bd3 d6 11.O-O Nd7 12.Re1 dxe5 13.Nxe5 Nxe5 14.Rxe5 Bd6 
15.Rh5 g6 16.Rh3 O-O 17.Qg4 f5 18.Qe2 Rac8 19.Bb5 Bc6 20.Bxc6 Qxc6 21.Bh6 
Rf7 22.Re3 Bf8 23.Bxf8 Kxf8 24.Re1 Re7 25.c4 Qd6 26.Qb2 Kf7 27.Re5 Qc6 28.
Qc1 Qd6 29.Qe3 Qc6 30.Qh6 Kg8 31.Qc1 Kf7 32.h4 Rce8 33.c5 Rd8 34.Qh6 Kf6 
35.h5 Qe8 36.g4 fxg4 37.R1e4 Rf7 38.hxg6 hxg6 39.Qg5+ Kg7 40.Rxe6 Qd7 41.
Rxg6+ Kh8 42.Rh6+ Rh7 43.Rxh7+ Kxh7 44.Re7+ 1-0